Курс лекций по истории английского языка. Выпуск III и IV (на английском языке): учебное пособие для вузов; Вып. III и IV : Развитие языка в среднеанглийский и новоанглийский период

Bibliographische Detailangaben
1. Verfasser: Расторгуева Т. А. Татьяна Ариановна
Weitere Verfasser: Жданова И. Ф. Ирина Федоровна
Sprache:Englisch
Russisch
Veröffentlicht: Москва, Высшая школа, 1972
Schlagworte:
Format: MixedMaterials Buch
KOHA link:https://koha.lib.tpu.ru/cgi-bin/koha/opac-detail.pl?biblionumber=354861

MARC

LEADER 00000nam0a2200000 4500
001 354861
005 20231102010732.0
035 |a (RuTPU)RU\TPU\retro\12120 
090 |a 354861 
100 |a 20200626d1972 m y0rusy50 ca 
101 0 |a eng  |a rus 
102 |a RU 
105 |a y j 000zy 
200 1 |a Курс лекций по истории английского языка. Выпуск III и IV (на английском языке)  |e учебное пособие для вузов  |h  Вып. III и IV : Развитие языка в среднеанглийский и новоанглийский период 
210 |a Москва  |c Высшая школа  |d 1972 
215 |a 176 с. 
512 1 |a History of the English Langvage 
606 1 |a Английский язык  |x Учебные руководства и пособия для высшей школы  |x История  |2 stltpush  |3 (RuTPU)RU\TPU\subj\69906  |9 84562 
610 1 |a исторические периоды 
610 1 |a среднеанглийский язык 
610 1 |a новоанглийский язык 
610 1 |a развитие 
610 1 |a лексика 
610 1 |a грамматика 
686 |a Ш143.21-923.0  |v LBC/SL-A  |2 rubbk 
700 1 |a Расторгуева  |b Т. А.  |g Татьяна Ариановна 
701 1 |a Жданова  |b И. Ф.  |g Ирина Федоровна 
801 1 |a RU  |b 63413507  |c 20200626 
801 2 |a RU  |b 63413507  |c 20210120  |g RCR 
942 |c BK